000 00455nam a22001697a 4500
999 _c526825
_d526825
003 NUST
020 _qH/B
038 _awaseem
082 _a370.19
_bOTT
100 _aOttavay, A K C
_917819
245 _aTaleem Samajh aur Culture /
_cOttavay, A K C
260 _aLahore :
_bBook Home,
_c2005.
300 _a240 p. ;
880 _6100-01\r
_aاے کے سی اوٹاوے
880 _6245-02\r
_aتعلیم سماج اور کلچر /
942 _2ddc
_cBK